000
00263nam a22001097a 4500
082
_a
346.0682
_b
PAR
245
_a
The Partnership Act, 1932:
_b
Bare Act /
260
_a
Lahore:
_b
Mansoor Law Book House,
_c
N.A.
300
_a
32 p.
563
_a
PB.
942
_2
ddc
_c
BK
999
_c
614009
_d
614009